[Event "Charlesbourg Olympiade"]
[Site "Charlesbourg CAN"]
[Date "2013.11.18"]
[Round "2"]
[White "Arteau, Benoit"]
[Black "Tremblay-Alix, Eric"]
[Result "1-0"]
[WhiteElo "1885"]
[BlackElo "1853"]
[PlyCount "173"]
[GameId "2160767909216537"]
[EventDate "2013.11.11"]
[EventType "swiss"]
[EventRounds "6"]
[EventCountry "CAN"]
[SourceTitle "EXT 2022"]
[Source "ChessBase"]
[SourceDate "2021.10.06"]
[SourceVersion "1"]
[SourceVersionDate "2021.10.06"]
[SourceQuality "1"]

1. e4 c5 2. Nf3 Nc6 3. Nc3 g6 4. Bb5 Bg7 5. O-O d6 6. d3 Bd7 7. Bg5 a6 8. Bxc6 bxc6 9. Qd2 f6 10. Be3 e5 11. Nh4 Ne7 12. Bh6 O-O 13. Bxg7 Kxg7 14. f4 Qb6 15. Na4 Qa7 16. fxe5 fxe5 17. c4 Be6 18. b3 Ng8 19. Qg5 Qe7 20. Qxe7+ Nxe7 21. Rxf8 Rxf8 22. Rf1 g5 23. Rxf8 Kxf8 24. Nf3 h6 25. Kf2 Ng6 26. g3 Ke7 27. Ke3 Bh3 28. Ne1 Bg4 29. Kd2 Nf8 30. Nc2 a5 31. Ne3 Be6 32. Nb6 g4 33. Na4 Kf6 34. Nc3 Nd7 35. Kc2 Kg5 36. Kd2 h5 37. Ng2 Nb6 38. Ne3 h4 39. Ke2 h3 40. Na4 Nd7 41. Nc3 Nf6 42. Ke1 Nh7 43. Kf2 Kf6 44. Ne2 Ng5 45. Ng1 Ke7 46. Ke2 Kd7 47. a4 Kc7 48. Kf2 Bc8 49. Ke1 Nh7 50. Ne2 Be6 51. Kf2 Nf6 52. Nc3 Kd7 53. Ke1 Bf7 54. Kf2 Ke6 55. Ke1 Be8 56. Nf5 Nh5 57. Kf2 Bd7 58. Ke1 Bc8 59. Kf2 Bb7 60. Ne3 Nf6 61. Ke1 d5 62. cxd5+ cxd5 63. exd5+ Nxd5 64. Ncxd5 Bxd5 65. Nc4 Bg2 66. Kd2 Kd5 67. Ne3+ Kc6 68. Nxg4 e4 69. dxe4 Bxe4 70. Nf2 Bg2 71. Kc3 Kd5 72. Kd3 Bf1+ 73. Kc3 Ke5 74. Kc2 Kd4 75. Kd2 c4 76. bxc4 Kxc4 77. g4 Kb4 78. g5 Kxa4 79. Kc3 Kb5 80. g6 Bc4 81. Nxh3 a4 82. Nf4 Bg8 83. h4 Kc5 84. h5 Kd6 85. h6 Ke7 86. h7 Kf8 87. h8=Q 1-0

[Event "Charlesbourg Olympiade"]
[Site "Charlesbourg CAN"]
[Date "2013.11.18"]
[Round "2"]
[White "Drolet, Stephane"]
[Black "Tremblay, Rejean"]
[Result "1-0"]
[WhiteElo "2147"]
[BlackElo "2143"]
[PlyCount "193"]
[GameId "2160767909216538"]
[EventDate "2013.11.11"]
[EventType "swiss"]
[EventRounds "6"]
[EventCountry "CAN"]
[SourceTitle "EXT 2022"]
[Source "ChessBase"]
[SourceDate "2021.10.06"]
[SourceVersion "1"]
[SourceVersionDate "2021.10.06"]
[SourceQuality "1"]

1. c4 Nf6 2. Nc3 e6 3. Nf3 d5 4. d4 c6 5. Qb3 dxc4 6. Qxc4 b5 7. Qb3 Nbd7 8. Bg5 Be7 9. a3 h6 10. Bh4 Qa5 11. Rc1 Bb7 12. e3 a6 13. Be2 c5 14. O-O O-O 15. Rfd1 Rfe8 16. h3 Rac8 17. Bg3 b4 18. axb4 cxb4 19. Qa4 Qb6 20. Nb1 Rxc1 21. Rxc1 Rc8 22. Rxc8+ Bxc8 23. Nbd2 Bb7 24. Nc4 Qc6 25. Qxc6 Bxc6 26. Na5 Bb5 27. Bxb5 axb5 28. Nc6 Kf8 29. Nd2 Nb6 30. b3 Nc8 31. e4 Ne8 32. f3 f5 33. Kf1 Ncd6 34. Ke2 fxe4 35. Nxe4 Nf5 36. Be1 Nc7 37. g4 Nd5 38. gxf5 exf5 39. Nf2 Nf4+ 40. Kd1 Bh4 41. Bxb4+ Ke8 42. Bd2 Bxf2 43. Bxf4 Kd7 44. Ke2 Bh4 45. Ne5+ Ke6 46. Kd3 g5 47. Bd2 Bf2 48. Be3 Be1 49. Nc6 Kd5 50. Na7 b4 51. Nc8 Bh4 52. Nb6+ Kd6 53. Bd2 h5 54. Bxb4+ Kc6 55. Nc4 g4 56. fxg4 fxg4 57. hxg4 hxg4 58. Ne5+ Kb5 59. Bd2 g3 60. Be3 g2 61. d5 Bg3 62. Nf3 Kb4 63. Kc2 Kb5 64. Nd4+ Ka5 65. Ne2 Bh2 66. Bg1 Bb8 67. Kc3 Bd6 68. Kc4 Ka6 69. b4 Kb7 70. Nd4 Be5 71. Nf5 Bb8 72. Nh4 Bg3 73. Nxg2 Kc7 74. Ne3 Bf4 75. Nf5 Be5 76. Bf2 Kb7 77. b5 Bh2 78. Bc5 Kc8 79. d6 Bf4 80. Kd5 Kb7 81. Ke6 Bg5 82. Ne7 Bf4 83. Nd5 Bg5 84. Bd4 Bd2 85. d7 Ba5 86. b6 Bxb6 87. Bxb6 Ka6 88. d8=Q Kb5 89. Qd7+ Ka6 90. Nb4+ Kxb6 91. Nd5+ Kc5 92. Qc7+ Kb5 93. Kd6 Ka4 94. Qc4+ Ka3 95. Qb4+ Ka2 96. Nc3+ Ka1 97. Qb1# 1-0

[Event "Charlesbourg Olympiade"]
[Site "Charlesbourg CAN"]
[Date "2013.11.18"]
[Round "2"]
[White "Garneau, Benoit"]
[Black "Fecteau, Martin"]
[Result "1/2-1/2"]
[WhiteElo "1940"]
[BlackElo "1969"]
[PlyCount "41"]
[GameId "2160767909216539"]
[EventDate "2013.11.11"]
[EventType "swiss"]
[EventRounds "6"]
[EventCountry "CAN"]
[SourceTitle "EXT 2022"]
[Source "ChessBase"]
[SourceDate "2021.10.06"]
[SourceVersion "1"]
[SourceVersionDate "2021.10.06"]
[SourceQuality "1"]

1. e4 e5 2. Nf3 Nc6 3. Bb5 Nf6 4. O-O Nxe4 5. d4 Nd6 6. Bxc6 dxc6 7. dxe5 Nf5 8. Qxd8+ Kxd8 9. Bg5+ Ke8 10. Rd1 Be6 11. Nd4 Nxd4 12. Rxd4 h6 13. Rh4 Rg8 14. Be3 g5 15. Rd4 Bg7 16. f4 gxf4 17. Bxf4 Bf8 18. Be3 Bg7 19. Bf4 Bf8 20. Be3 Bg7 21. Bf4 1/2-1/2

[Event "Charlesbourg Olympiade"]
[Site "Charlesbourg CAN"]
[Date "2013.11.18"]
[Round "2"]
[White "Lamontagne, Danny"]
[Black "Plante, Rejean"]
[Result "0-1"]
[WhiteElo "2019"]
[BlackElo "2011"]
[PlyCount "96"]
[GameId "2160767909216540"]
[EventDate "2013.11.11"]
[EventType "swiss"]
[EventRounds "6"]
[EventCountry "CAN"]
[SourceTitle "EXT 2022"]
[Source "ChessBase"]
[SourceDate "2021.10.06"]
[SourceVersion "1"]
[SourceVersionDate "2021.10.06"]
[SourceQuality "1"]

1. e4 d5 2. exd5 Qxd5 3. Nc3 Qd6 4. d4 Nf6 5. Bd3 a6 6. Nge2 Nc6 7. Bf4 e5 8. dxe5 Nxe5 9. O-O Bg4 10. f3 Bh5 11. Kh1 O-O-O 12. Bf5+ Nfd7 13. Ne4 Qxd1 14. Rfxd1 Bg6 15. Bxg6 Nxg6 16. Ng5 Re8 17. Rd2 Bc5 18. Ne4 Rxe4 19. fxe4 Nxf4 20. Rxd7 Nxe2 21. Rxf7 g5 22. Raf1 Nd4 23. c3 Ne6 24. e5 Rf8 25. R1f6 Rxf7 26. Rxf7 h5 27. Rf6 Kd7 28. g3 Be7 29. Rf7 h4 30. Kg2 Ke8 31. Rf2 Nc5 32. Kf3 Kf7 33. Ke3+ Ke6 34. Kd4 Nd7 35. Re2 Bc5+ 36. Kc4 b5+ 37. Kb3 hxg3 38. hxg3 Nxe5 39. g4 Kd5 40. a4 Bd6 41. axb5 axb5 42. Kc2 Nxg4 43. Kd3 Ne5+ 44. Ke3 Kc4 45. Ke4 g4 46. Rg2 Kb3 47. Kf4 Nc4+ 48. Kxg4 Nxb2 0-1

[Event "Charlesbourg Olympiade"]
[Site "Charlesbourg CAN"]
[Date "2013.11.18"]
[Round "2"]
[White "Lessard, Claude"]
[Black "Marquis, Paul"]
[Result "1-0"]
[WhiteElo "2045"]
[BlackElo "2061"]
[PlyCount "57"]
[GameId "2160767909216541"]
[EventDate "2013.11.11"]
[EventType "swiss"]
[EventRounds "6"]
[EventCountry "CAN"]
[SourceTitle "EXT 2022"]
[Source "ChessBase"]
[SourceDate "2021.10.06"]
[SourceVersion "1"]
[SourceVersionDate "2021.10.06"]
[SourceQuality "1"]

1. d4 Nf6 2. c4 g6 3. Nc3 Bg7 4. e4 d6 5. Nf3 O-O 6. Be2 e5 7. O-O Na6 8. d5 Nc5 9. Bg5 h6 10. Bxf6 Qxf6 11. b4 Na6 12. Rb1 Qe7 13. Nd2 f5 14. f3 h5 15. c5 dxc5 16. b5 Nb8 17. Nc4 Bh6 18. d6 cxd6 19. Nd5 Qd8 20. b6 axb6 21. Ncxb6 Rxa2 22. Nxc8 Qg5 23. f4 exf4 24. Nxf4 Rxe2 25. Qxe2 Rxc8 26. Qc4+ Kh8 27. Qf7 Bg7 28. Nxg6+ Kh7 29. Rxf5 1-0

[Event "Charlesbourg Olympiade"]
[Site "Charlesbourg CAN"]
[Date "2013.11.25"]
[Round "3"]
[White "Marquis, Paul"]
[Black "Drolet, Stephane"]
[Result "1/2-1/2"]
[WhiteElo "2051"]
[BlackElo "2147"]
[PlyCount "42"]
[GameId "2160767909216542"]
[EventDate "2013.11.11"]
[EventType "swiss"]
[EventRounds "6"]
[EventCountry "CAN"]
[SourceTitle "EXT 2022"]
[Source "ChessBase"]
[SourceDate "2021.10.06"]
[SourceVersion "1"]
[SourceVersionDate "2021.10.06"]
[SourceQuality "1"]

1. c4 Nf6 2. Nc3 e5 3. Nf3 Nc6 4. g3 Bb4 5. Nd5 Bc5 6. Bg2 d6 7. Nxf6+ Qxf6 8. d3 h6 9. O-O O-O 10. Nd2 Bb6 11. Ne4 Qg6 12. Be3 Nd4 13. Nc3 c6 14. Na4 Bg4 15. f3 Nxf3+ 16. Rxf3 Bxf3 17. Nxb6 Bxg2 18. Nxa8 Bh3 19. Qb3 Qg4 20. Re1 Rxa8 21. Qxb7 Qc8 1/2-1/2

[Event "Charlesbourg Olympiade"]
[Site "Charlesbourg CAN"]
[Date "2013.11.25"]
[Round "3"]
[White "Plante, Rejean"]
[Black "Garneau, Benoit"]
[Result "1/2-1/2"]
[WhiteElo "2011"]
[BlackElo "1940"]
[PlyCount "57"]
[GameId "2160767909216543"]
[EventDate "2013.11.11"]
[EventType "swiss"]
[EventRounds "6"]
[EventCountry "CAN"]
[SourceTitle "EXT 2022"]
[Source "ChessBase"]
[SourceDate "2021.10.06"]
[SourceVersion "1"]
[SourceVersionDate "2021.10.06"]
[SourceQuality "1"]

1. d4 Nf6 2. Bg5 d5 3. e3 e6 4. c4 h6 5. Bxf6 Qxf6 6. Nc3 c6 7. Nf3 Nd7 8. Qb3 Bd6 9. Be2 O-O 10. O-O Qe7 11. e4 dxc4 12. Qxc4 e5 13. Rad1 exd4 14. Qxd4 Bc5 15. Qd2 Ne5 16. Nxe5 Qxe5 17. Kh1 b5 18. f4 Qe7 19. f5 f6 20. Bf3 Bb7 21. Qd7 Rf7 22. Qxe7 Rxe7 23. Rd3 b4 24. Na4 Bb6 25. Rfd1 Kf8 26. Rd7 c5 27. Rxe7 Kxe7 28. b3 Rd8 29. Rxd8 1/2-1/2

[Event "Charlesbourg Olympiade"]
[Site "Charlesbourg CAN"]
[Date "2013.11.25"]
[Round "3"]
[White "Tremblay, Rejean"]
[Black "Lessard, Claude"]
[Result "1-0"]
[WhiteElo "2143"]
[BlackElo "2024"]
[PlyCount "99"]
[GameId "2160767909216544"]
[EventDate "2013.11.11"]
[EventType "swiss"]
[EventRounds "6"]
[EventCountry "CAN"]
[SourceTitle "EXT 2022"]
[Source "ChessBase"]
[SourceDate "2021.10.06"]
[SourceVersion "1"]
[SourceVersionDate "2021.10.06"]
[SourceQuality "1"]

1. d4 Nf6 2. c4 g6 3. Nc3 Bg7 4. e4 d6 5. Be2 O-O 6. Nf3 e5 7. dxe5 dxe5 8. Qxd8 Rxd8 9. Bg5 c6 10. Nxe5 Re8 11. O-O-O Na6 12. f4 h6 13. Bh4 g5 14. fxg5 hxg5 15. Bg3 Nc5 16. Rhf1 Nfxe4 17. Nxe4 Nxe4 18. Bh5 Nxg3 19. Bxf7+ Kh7 20. hxg3 Rxe5 21. Rd6 Bf8 22. Rg6 Bh6 23. Rh1 Re1+ 24. Rxe1 g4+ 25. Kd1 Bf5 26. Rxh6+ Kxh6 27. Re5 Rd8+ 28. Ke2 Bd3+ 29. Ke3 Kg7 30. Bh5 Kf6 31. Ra5 Bxc4 32. Bxg4 Rd3+ 33. Ke4 Rxg3 34. Bf3 a6 35. b3 Bb5 36. a4 Bf1 37. Kf4 Rg7 38. g4 Ke6 39. Re5+ Kd6 40. Re1 Bh3 41. b4 a5 42. Rd1+ Kc7 43. bxa5 Rd7 44. Rxd7+ Kxd7 45. Ke5 Bf1 46. g5 Bc4 47. Bg4+ Ke7 48. Bc8 Ba6 49. g6 c5 50. Be6 1-0

[Event "Charlesbourg Olympiade"]
[Site "Charlesbourg CAN"]
[Date "2013.12.02"]
[Round "4"]
[White "Lessard, Claude"]
[Black "Drolet, Stephane"]
[Result "0-1"]
[WhiteElo "2024"]
[BlackElo "2147"]
[PlyCount "76"]
[GameId "2160767909216546"]
[EventDate "2013.11.11"]
[EventType "swiss"]
[EventRounds "6"]
[EventCountry "CAN"]
[SourceTitle "EXT 2022"]
[Source "ChessBase"]
[SourceDate "2021.10.06"]
[SourceVersion "1"]
[SourceVersionDate "2021.10.06"]
[SourceQuality "1"]

1. d4 d5 2. c4 c6 3. Nc3 Nf6 4. Nf3 e6 5. Qc2 dxc4 6. e3 b5 7. a4 Qa5 8. Bd2 Bb4 9. Be2 Nd5 10. O-O Bxc3 11. axb5 Qd8 12. bxc3 cxb5 13. e4 Nc7 14. Ng5 h6 15. Nh3 Nd7 16. f4 Bb7 17. f5 e5 18. Be3 a6 19. dxe5 Nxe5 20. Bc5 Qh4 21. Bd6 Bxe4 22. Qa2 Nd5 23. Bxe5 Bxg2 24. Bg3 Qxh3 25. Bg4 Qxg4 26. Qxg2 O-O-O 27. Rxa6 Qg5 28. Ra7 Qe3+ 29. Qf2 Qxf2+ 30. Kxf2 Rhe8 31. Rfa1 Re7 32. Rxe7 Nxe7 33. f6 gxf6 34. Ra8+ Kd7 35. Ra5 Nd5 36. Rxb5 Nxc3 37. Rb7+ Ke6 38. Bh4 Nd5 0-1

[Event "Charlesbourg Olympiade"]
[Site "Charlesbourg CAN"]
[Date "2013.12.02"]
[Round "4"]
[White "Marquis, Paul"]
[Black "Tremblay, Rejean"]
[Result "0-1"]
[WhiteElo "1961"]
[BlackElo "2143"]
[PlyCount "138"]
[GameId "2160767909216547"]
[EventDate "2013.11.11"]
[EventType "swiss"]
[EventRounds "6"]
[EventCountry "CAN"]
[SourceTitle "EXT 2022"]
[Source "ChessBase"]
[SourceDate "2021.10.06"]
[SourceVersion "1"]
[SourceVersionDate "2021.10.06"]
[SourceQuality "1"]

1. c4 e6 2. Nc3 d5 3. e3 Nf6 4. Nf3 c6 5. b3 Nbd7 6. Bb2 Bd6 7. d4 O-O 8. Bd3 Qe7 9. Qc2 dxc4 10. bxc4 e5 11. dxe5 Nxe5 12. Nxe5 Bxe5 13. Ne2 Rd8 14. Rb1 c5 15. Bf5 Bxf5 16. Qxf5 Bxb2 17. Rxb2 Rd7 18. O-O Rad8 19. Qb1 b6 20. Nc3 Qe6 21. h3 Qxc4 22. Qc2 h6 23. a4 Rd3 24. Nb5 Qxc2 25. Rxc2 a6 26. Nc3 Nd5 27. Nxd5 R3xd5 28. Rb2 R8d6 29. Kh2 Re5 30. Rfb1 Ree6 31. Kg3 Kf8 32. Kf3 Ke7 33. Rc2 Rc6 34. Ke2 Kd7 35. Rbc1 Kd6 36. Rd2+ Kc7 37. Rdc2 Re5 38. Kd3 f5 39. Kc4 Rd6 40. Kb3 Rd3+ 41. Kb2 Kc6 42. Rc4 Rd2+ 43. R1c2 Rxc2+ 44. Rxc2 Rd5 45. Kc3 Rd1 46. g4 fxg4 47. hxg4 Ra1 48. Kb3 Rg1 49. Rc4 g5 50. Re4 Kd5 51. Re8 Rxg4 52. Rb8 Rb4+ 53. Kc3 a5 54. Rh8 Rh4 55. f3 Rh3 56. e4+ Ke5 57. Re8+ Kd6 58. Rf8 Ke7 59. Rb8 Rxf3+ 60. Kc4 Rf6 61. Kd5 Rg6 62. e5 g4 63. Rb7+ Kd8 64. e6 g3 65. Kd6 Kc8 66. Rxb6 g2 67. Rc6+ Kb8 68. Kd7 Rg7+ 69. e7 Rxe7+ 0-1

[Event "Charlesbourg Olympiade"]
[Site "Charlesbourg CAN"]
[Date "2013.12.02"]
[Round "4"]
[White "Plante, Rejean"]
[Black "Fecteau, Martin"]
[Result "1-0"]
[WhiteElo "2011"]
[BlackElo "1969"]
[PlyCount "131"]
[GameId "2160767909216548"]
[EventDate "2013.11.11"]
[EventType "swiss"]
[EventRounds "6"]
[EventCountry "CAN"]
[SourceTitle "EXT 2022"]
[Source "ChessBase"]
[SourceDate "2021.10.06"]
[SourceVersion "1"]
[SourceVersionDate "2021.10.06"]
[SourceQuality "1"]

1. c4 e5 2. Nc3 Nf6 3. g3 d5 4. cxd5 Nxd5 5. Bg2 Nb6 6. Nf3 Nc6 7. O-O Be7 8. d3 O-O 9. Bd2 Be6 10. Ne4 f6 11. Qc1 Nd7 12. Be3 Nb4 13. a3 Nd5 14. Nc5 Nxc5 15. Bxc5 c6 16. Nd2 Bxc5 17. Qxc5 Ne7 18. Rac1 Nf5 19. Rfe1 Qd7 20. b4 Nd4 21. Qc3 Rac8 22. Ne4 b6 23. a4 Rfd8 24. Nd2 c5 25. b5 Bd5 26. f3 Bf7 27. Nc4 Bd5 28. Kf2 Bf7 29. Rcd1 Kh8 30. Nd2 Bd5 31. h4 Qf7 32. Bh3 Be6 33. Rh1 Bxh3 34. Rxh3 Qa2 35. Qc4 Qxc4 36. Nxc4 Ne6 37. Rhh1 Rb8 38. Rb1 Kg8 39. Rhc1 Nc7 40. a5 Nd5 41. axb6 axb6 42. Ra1 Rd7 43. Ra6 Kf8 44. e4 Nb4 45. Rxb6 Nxd3+ 46. Ke3 Rbd8 47. Rd1 Nb4 48. Rxd7 Rxd7 49. Rb8+ Ke7 50. b6 Nc6 51. Rc8 Rd4 52. b7 Rxc4 53. Rxc6 Rb4 54. Rc7+ Kd6 55. Rxg7 c4 56. Kd2 Kc5 57. Rxh7 Rb2+ 58. Kc3 Rb3+ 59. Kc2 Kd4 60. h5 Rc3+ 61. Kd2 Rd3+ 62. Ke2 Rb3 63. Rd7+ Kc3 64. h6 Kb2 65. h7 c3 66. Rc7 1-0

[Event "Charlesbourg Olympiade"]
[Site "Charlesbourg CAN"]
[Date "2013.12.09"]
[Round "5"]
[White "Fecteau, Martin"]
[Black "Garneau, Benoit"]
[Result "1/2-1/2"]
[WhiteElo "1969"]
[BlackElo "1940"]
[PlyCount "38"]
[GameId "2160767909216549"]
[EventDate "2013.11.11"]
[EventType "swiss"]
[EventRounds "6"]
[EventCountry "CAN"]
[SourceTitle "EXT 2022"]
[Source "ChessBase"]
[SourceDate "2021.10.06"]
[SourceVersion "1"]
[SourceVersionDate "2021.10.06"]
[SourceQuality "1"]

1. Nf3 Nf6 2. c4 c5 3. Nc3 Nc6 4. g3 d5 5. cxd5 Nxd5 6. Bg2 g6 7. O-O Bg7 8. Qb3 Nxc3 9. dxc3 Qc7 10. Ng5 O-O 11. Bf4 e5 12. Be3 h6 13. Ne4 b6 14. Qd5 Rd8 15. Nf6+ Bxf6 16. Qxc6 Qxc6 17. Bxc6 Rb8 18. Rfd1 Ba6 19. Kf1 Kg7 1/2-1/2

[Event "Charlesbourg Olympiade"]
[Site "Charlesbourg CAN"]
[Date "2013.12.09"]
[Round "5"]
[White "Tremblay, Rejean"]
[Black "Drolet, Stephane"]
[Result "1-0"]
[WhiteElo "2143"]
[BlackElo "2147"]
[PlyCount "71"]
[GameId "2160767909216550"]
[EventDate "2013.11.11"]
[EventType "swiss"]
[EventRounds "6"]
[EventCountry "CAN"]
[SourceTitle "EXT 2022"]
[Source "ChessBase"]
[SourceDate "2021.10.06"]
[SourceVersion "1"]
[SourceVersionDate "2021.10.06"]
[SourceQuality "1"]

1. d4 Nf6 2. c4 d6 3. Nf3 Nbd7 4. Nc3 e5 5. Bg5 Be7 6. e3 Ng8 7. Bxe7 Nxe7 8. Qc2 c6 9. O-O-O Qc7 10. Ne4 O-O 11. dxe5 dxe5 12. Nd6 c5 13. g4 Nc6 14. a3 Nf6 15. g5 Ne8 16. Nxc8 Rxc8 17. Bh3 Rd8 18. Rxd8 Qxd8 19. Rd1 Qa5 20. Bf5 g6 21. Bd7 Nb8 22. Nxe5 Qc7 23. f4 Nd6 24. Bh3 b5 25. cxb5 Nxb5 26. Bf1 Nd6 27. Ng4 Ne8 28. Bb5 f5 29. Ne5 Ng7 30. Bc4+ Kh8 31. Qc3 Qe7 32. Qb3 a5 33. Kb1 Qc7 34. Qc3 Qb7 35. Nf7+ Rxf7 36. Rd8+ 1-0

[Event "Charlesbourg Olympiade"]
[Site "Charlesbourg CAN"]
[Date "2013.12.16"]
[Round "5"]
[White "Tremblay-Alix, Eric"]
[Black "Arteau, Benoit"]
[Result "1-0"]
[WhiteElo "1853"]
[BlackElo "1885"]
[PlyCount "135"]
[GameId "2160767909216551"]
[EventDate "2013.11.11"]
[EventType "swiss"]
[EventRounds "6"]
[EventCountry "CAN"]
[SourceTitle "EXT 2022"]
[Source "ChessBase"]
[SourceDate "2021.10.06"]
[SourceVersion "1"]
[SourceVersionDate "2021.10.06"]
[SourceQuality "1"]

1. f4 d5 2. c4 Nf6 3. Nf3 Nc6 4. e3 Bg4 5. cxd5 Nxd5 6. Be2 e6 7. Qb3 Rb8 8. Nc3 Be7 9. O-O O-O 10. Ne4 Qd7 11. a3 Rfd8 12. h3 Bf5 13. Ng3 Na5 14. Qd1 Bg6 15. Ne5 Qe8 16. d3 f6 17. Nxg6 Qxg6 18. Rf3 Nc6 19. f5 exf5 20. Nxf5 Ne5 21. Rf4 Qf7 22. Bh5 Qe6 23. Bg4 Qb6 24. Re4 Bf8 25. d4 Nc4 26. Re6 c6 27. Qf3 g6 28. Ng3 Re8 29. Ne4 Kg7 30. Rxf6 Rxe4 31. Rf7+ Kg8 32. Rxf8+ Rxf8 33. Qxe4 Qd8 34. b3 Nd6 35. Be6+ Kg7 36. Qe5+ Nf6 37. Bd2 Nde4 38. Be1 Re8 39. Bh4 Qe7 40. Qxe4 Nxe4 41. Bxe7 Rxe7 42. Bc4 Nd2 43. Kf2 b5 44. Ke2 bxc4 45. Kxd2 cxb3 46. Rb1 Rb7 47. Kc3 Kf6 48. Rxb3 Re7 49. Kd3 Kf5 50. Rc3 Re6 51. Rc5+ Kf6 52. Ra5 Re7 53. Ra6 Rb7 54. Rxc6+ Kg5 55. g3 Rb3+ 56. Rc3 Rb1 57. Rc7 Rb3+ 58. Rc3 Rb1 59. Ke4 Rg1 60. Rc7 h5 61. h4+ Kf6 62. Kf3 a5 63. Rc5 Rf1+ 64. Ke2 Rf5 65. Rxf5+ Kxf5 66. Kf3 a4 67. e4+ Ke6 68. Ke3 1-0

[Event "Charlesbourg Olympiade"]
[Site "Charlesbourg CAN"]
[Date "2013.12.16"]
[Round "6"]
[White "Drolet, Stephane"]
[Black "Marquis, Paul"]
[Result "1-0"]
[WhiteElo "2147"]
[BlackElo "2061"]
[PlyCount "55"]
[GameId "2160767909216552"]
[EventDate "2013.11.11"]
[EventType "swiss"]
[EventRounds "6"]
[EventCountry "CAN"]
[SourceTitle "EXT 2022"]
[Source "ChessBase"]
[SourceDate "2021.10.06"]
[SourceVersion "1"]
[SourceVersionDate "2021.10.06"]
[SourceQuality "1"]

1. d4 Nf6 2. Nf3 g6 3. Bg5 Bg7 4. e3 O-O 5. Be2 d6 6. c4 c5 7. Nc3 Qa5 8. O-O cxd4 9. exd4 Bg4 10. Qd2 Nc6 11. Be3 e5 12. d5 Ne7 13. a3 Nf5 14. b4 Qd8 15. Rac1 Nxe3 16. fxe3 e4 17. Nd4 Bxe2 18. Ndxe2 Qe7 19. Ng3 h5 20. c5 h4 21. Nge2 Ng4 22. h3 Nh6 23. Rf4 f5 24. Nd4 Be5 25. Rff1 Qg5 26. Ne6 Qg3 27. Nf4 g5 28. Nce2 1-0

[Event "Charlesbourg Olympiade"]
[Site "Charlesbourg CAN"]
[Date "2013.12.16"]
[Round "6"]
[White "Lessard, Claude"]
[Black "Tremblay, Rejean"]
[Result "0-1"]
[WhiteElo "2045"]
[BlackElo "2143"]
[PlyCount "92"]
[GameId "2160767909216553"]
[EventDate "2013.11.11"]
[EventType "swiss"]
[EventRounds "6"]
[EventCountry "CAN"]
[SourceTitle "EXT 2022"]
[Source "ChessBase"]
[SourceDate "2021.10.06"]
[SourceVersion "1"]
[SourceVersionDate "2021.10.06"]
[SourceQuality "1"]

1. d4 Nf6 2. Nf3 b6 3. g3 e6 4. Nbd2 Bb7 5. Bg2 Be7 6. O-O O-O 7. Re1 d5 8. Ne5 c5 9. e3 Nc6 10. Nxc6 Bxc6 11. c4 cxd4 12. exd4 Rc8 13. b3 Bb4 14. Bb2 dxc4 15. Bxc6 c3 16. Bg2 cxb2 17. Rb1 Qxd4 18. Nc4 Rfd8 19. Qxd4 Rxd4 20. Re2 Rdxc4 21. bxc4 Bc3 22. Rc2 Bd4 23. h3 Rc5 24. Bf1 g6 25. Rd2 e5 26. Kg2 Ra5 27. Rxd4 exd4 28. Rxb2 Ne4 29. Kf3 Nc5 30. Rd2 Ra3+ 31. Kf4 f6 32. Bg2 Kf8 33. Bd5 d3 34. Ke3 Rc3 35. f4 Rc1 36. h4 Ke7 37. h5 Kf8 38. hxg6 hxg6 39. g4 Rg1 40. Bf3 Re1+ 41. Kf2 Re7 42. Kf1 g5 43. f5 Rd7 44. Bd5 Rd6 45. Kf2 Rd8 46. Kg3 Rxd5 0-1

[Event "Charlesbourg Olympiade"]
[Site "Charlesbourg CAN"]
[Date "2013.12.23"]
[Round "6"]
[White "Dube, Daniel"]
[Black "Beauchesne, Jonathan"]
[Result "1/2-1/2"]
[WhiteElo "1742"]
[BlackElo "1737"]
[PlyCount "113"]
[GameId "2160767909216554"]
[EventDate "2013.11.11"]
[EventType "swiss"]
[EventRounds "6"]
[EventCountry "CAN"]
[SourceTitle "EXT 2022"]
[Source "ChessBase"]
[SourceDate "2021.10.06"]
[SourceVersion "1"]
[SourceVersionDate "2021.10.06"]
[SourceQuality "1"]

1. e4 c5 2. c3 d5 3. exd5 Qxd5 4. d4 e6 5. Nf3 Nf6 6. Bd3 Be7 7. O-O O-O 8. Qe2 Nc6 9. Rd1 cxd4 10. cxd4 Nb4 11. Nc3 Qh5 12. Bc4 Rd8 13. Bf4 a6 14. Rac1 b5 15. Bb3 Bb7 16. d5 Nbxd5 17. Nxd5 Bxd5 18. Bxd5 Nxd5 19. Bg3 Bd6 20. Bxd6 Rxd6 21. Rd4 Rad8 22. Rh4 Qf5 23. g3 Nf6 24. Rf4 Qd5 25. Ne5 Qb7 26. Qc2 Rd2 27. Qc6 Qxc6 28. Nxc6 Rd1+ 29. Rxd1 Rxd1+ 30. Kg2 Rd2 31. Rd4 Rxd4 32. Nxd4 Ne8 33. Kf3 e5 34. Nc6 f6 35. Ke4 Nc7 36. f4 exf4 37. gxf4 Kf7 38. Nb8 Ke6 39. Nc6 f5+ 40. Kd4 Kd6 41. Ne5 Ne6+ 42. Ke3 Kd5 43. h3 g5 44. Nd3 g4 45. hxg4 fxg4 46. f5 Nc7 47. Kf4 h5 48. Kg5 Ke4 49. Nf4 g3 50. Nh3 Nd5 51. f6 Nxf6 52. Kxf6 Kf3 53. Kg5 g2 54. Kxh5 Kg3 55. Ng1 Kf2 56. Nh3+ Kg3 57. Ng1 1/2-1/2

[Event "Charlesbourg Olympiade"]
[Site "Charlesbourg CAN"]
[Date "2013.12.23"]
[Round "6"]
[White "Glode, Martin"]
[Black "Tremblay-Alix, Eric"]
[Result "1-0"]
[WhiteElo "1885"]
[BlackElo "1853"]
[PlyCount "109"]
[GameId "2160767909216555"]
[EventDate "2013.11.11"]
[EventType "swiss"]
[EventRounds "6"]
[EventCountry "CAN"]
[SourceTitle "EXT 2022"]
[Source "ChessBase"]
[SourceDate "2021.10.06"]
[SourceVersion "1"]
[SourceVersionDate "2021.10.06"]
[SourceQuality "1"]

1. e4 c5 2. c3 Nc6 3. d4 cxd4 4. cxd4 e6 5. Nc3 d5 6. e5 Nge7 7. Nf3 Qb6 8. Bd3 Bd7 9. Na4 Qc7 10. Be3 Nb4 11. Nc5 Nxd3+ 12. Qxd3 Bc6 13. O-O Qb6 14. Qb3 Bb5 15. Rfc1 Nf5 16. Na4 Qa6 17. Nc5 Bxc5 18. Rxc5 Bc6 19. Qb4 O-O 20. Ra5 Qd3 21. Ra3 Qe4 22. Nd2 Qg4 23. h3 Qg6 24. Nf3 Nxe3 25. Rxe3 f5 26. exf6 Rxf6 27. Ne5 Qf5 28. Rf3 Qg5 29. Rg3 Qh4 30. Qe7 g6 31. Nxg6 Qxg3 32. fxg3 Rxg6 33. Rf1 Re8 34. Qc7 Rg7 35. Qf4 Bb5 36. Rf2 Bd3 37. g4 a5 38. h4 a4 39. h5 b5 40. g5 Bb1 41. a3 Be4 42. Kh2 Bf5 43. g4 Be4 44. Kg3 Rge7 45. Qf6 Rg7 46. Qf4 Rge7 47. Qf6 Rg7 48. Qe5 Bd3 49. Rf6 Rge7 50. g6 hxg6 51. hxg6 Be4 52. Kf4 Bd3 53. Kg5 Be4 54. Kh6 Rg7 55. Rf8+ 1-0

[Event "Darch mem."]
[Site "Toronto CAN"]
[Date "2013.12.06"]
[Round "1"]
[White "Wight, Keith"]
[Black "Pishdad, Hassan"]
[Result "1-0"]
[WhiteElo "1960"]
[BlackElo "1117"]
[PlyCount "73"]
[GameId "2160767909208221"]
[EventDate "2013.12.06"]
[EventType "tourn"]
[EventRounds "5"]
[EventCountry "CAN"]

1. e4 c5 2. Nf3 e6 3. d3 d5 4. Qe2 dxe4 5. dxe4 Bd6 6. g3 Ne7 7. Bg2 e5 8. O-O O-O 9. Bg5 Nbc6 10. c3 f6 11. Be3 Be6 12. Na3 a6 13. Nc4 b5 14. Nxd6 Qxd6 15. Rfd1 Qc7 16. Bxc5 Bc4 17. Qe3 Rfd8 18. Bb6 Rxd1+ 19. Rxd1 Qc8 20. b3 Bf7 21. Bc5 Qc7 22. Rd2 h6 23. Bh3 b4 24. cxb4 Rb8 25. Bd6 Qb6 26. Bxb8 Qxe3 27. fxe3 Bg6 28. Be6+ Kh7 29. Bd6 Bxe4 30. Nh4 g5 31. Bxe7 Nxe7 32. Rd7 gxh4 33. Rxe7+ Kg6 34. g4 f5 35. gxf5+ Bxf5 36. Bxf5+ Kxf5 37. Kf2 1-0